Esquipulas no incluye a los indígenas de la región /

Centroamérica en los últimos años ha mejorado de manera relativa porque se ha dado un proceso de mayor integración gracias al Plan de Esquipulas II, a pesar de esto la población indígena no se ha visto favorecida con este plan. Sobre todo quienes habitan en Nicaragua, según los resultados de un semi...

Disgrifiad llawn

Wedi'i Gadw mewn:
Manylion Llyfryddiaeth
Prif Awdur: Herrera, Carmen
Fformat: Texto
Iaith:Spanish
Pynciau:
Tagiau: Ychwanegu Tag
Dim Tagiau, Byddwch y cyntaf i dagio'r cofnod hwn!

MARC

LEADER 00000 a a2200000 04500
001 12096
003 cru IIS
005 20220929084826.0
008 220929b |||||||| |||| 00| 0 spa d
040 |c cru IIS 
100 |a Herrera, Carmen  
245 |a Esquipulas no incluye a los indígenas de la región /  |c Carmen Herrera 
500 |a Colección Centroamérica 
520 |a Centroamérica en los últimos años ha mejorado de manera relativa porque se ha dado un proceso de mayor integración gracias al Plan de Esquipulas II, a pesar de esto la población indígena no se ha visto favorecida con este plan. Sobre todo quienes habitan en Nicaragua, según los resultados de un seminario, llevado a cabo en Managua referente al tema en el cual se analizan las ventajas y desventajas de la autonomía de la Costa Atlántica y se enfoca como afecta el Plan de Paz de Esquipulas a los indios centroamericanos, sus principales problemas y las posibles soluciones y recomendaciones del Consejo Mundial de Pueblos Indígenas. OB/JM  
650 |a PLANES DE PAZ  
650 |a POBLACION INDIGENA  
650 |a INTEGRACION REGIONAL  
650 |a CONDICIONES DE VIDA  
650 |a INDEPENDENCIA  
650 |a AMERINDIOS  
773 |g número 49; páginas 32-35  
773 0 |0 43109  |9 4631  |a Coodinadora Regional de Investigaciones Económicas y Sociales  |d Managua, Nicaragua: CRIES, 1982-  |o 22357  |t Pensamiento Propio / 
942 |2 ddc  |c PP 
999 |c 24381  |d 24381